Hildegard of Bingen : (Record no. 8620)

MARC details
000 -LEADER
fixed length control field 00998nam a22002177a 4500
003 - CONTROL NUMBER IDENTIFIER
control field GBCCL
005 - DATE AND TIME OF LATEST TRANSACTION
control field 20241126110654.0
008 - FIXED-LENGTH DATA ELEMENTS--GENERAL INFORMATION
fixed length control field 210506b ||||| |||| 00| 0 eng d
020 ## - INTERNATIONAL STANDARD BOOK NUMBER
International Standard Book Number 0281044619
020 ## - INTERNATIONAL STANDARD BOOK NUMBER
International Standard Book Number 9780281044610
040 ## - CATALOGING SOURCE
Transcribing agency GBC
082 ## - DEWEY DECIMAL CLASSIFICATION NUMBER
Classification number 248.22
Item number HIL
245 ## - TITLE STATEMENT
Title Hildegard of Bingen :
Remainder of title an anthology /
Statement of responsibility, etc. edited and introduced by Fiona Bowie and Oliver Davies ; with new translations by Robert Carver.
260 ## - PUBLICATION, DISTRIBUTION, ETC.
Place of publication, distribution, etc. London :
Name of publisher, distributor, etc. Spck,
Date of publication, distribution, etc. 1996, ©1990.
300 ## - PHYSICAL DESCRIPTION
Extent xiv, 157 pages :
Other physical details illustrations ;
Dimensions 20 cm
505 ## - FORMATTED CONTENTS NOTE
Formatted contents note A selection of work by Hildegard of Bingen, the 12th-century mystic. Though best known for the accounts of her visionary experiences, she also wrote theological works, poetry, music, a play and a book of natural history. The introduction places her work in its social and historical context.
650 ## - SUBJECT ADDED ENTRY--TOPICAL TERM
Topical term or geographic name entry element Hildegard,
Form subdivision Saint,
Chronological subdivision 1098-1179.
9 (RLIN) 15216
650 ## - SUBJECT ADDED ENTRY--TOPICAL TERM
Topical term or geographic name entry element Mysticism
Form subdivision Early works to 1800.
9 (RLIN) 15217
650 ## - SUBJECT ADDED ENTRY--TOPICAL TERM
Topical term or geographic name entry element Mysticism.
9 (RLIN) 1677
942 ## - ADDED ENTRY ELEMENTS (KOHA)
Source of classification or shelving scheme Dewey Decimal Classification
Koha item type Books
Holdings
Withdrawn status Lost status Source of classification or shelving scheme Damaged status Not for loan Home library Current Library Shelving location Date acquired Total checkouts Full call number Barcode Date last seen Copy number Price effective from Koha item type
    Dewey Decimal Classification     GRACE BIBLE COLLEGE GRACE BIBLE COLLEGE Ministry & Mission 2021-05-06   248.22 HIL 020246 2025-05-01 c.1 2021-05-06 Books
© Grace Bible College Library 2025